[Event "9th OHRA Open"]
[Site "Amsterdam NED"]
[Date "1990.08.02"]
[Round "4"]
[White "Van Riemsdijk, Herman Claudius"]
[Black "Nijboer, Friso"]
[Result "1/2-1/2"]
[WhiteElo "2440"]
[BlackElo "2485"]
[EventDate "1990.07.30"]
[PlyCount "121"]

1.c4 g6 2.Nc3 Bg7 3.d4 Nf6 4.e4 d6 5.Be2 O-O 6.Bg5 Na6 7.Qd2 e5 8.Nf3 Qe8 
9.d5 Nc5 10.Bxf6 Bxf6 11.b4 Nd7 12.O-O Be7 13.Rac1 Qd8 14.Rfd1 Nf6 15.c5 
Nh5 16.g3 f5 17.Nxe5 dxe5 18.Bxh5 gxh5 19.d6 cxd6 20.cxd6 Bg5 21.f4 Bh6 
22.Qd5+ Rf7 23.Nb5 Qb6+ 24.Rc5 Bd7 25.Nc7 Rf8 26.Qb3 fxe4 27.fxe5 Kh8 28.
e6 Rf3 29.Qb2+ Bg7 30.Qe2 Qxb4 31.Rc4 Qb6+ 32.Kh1 Rf2 33.Qxe4 Rf1+ 34.Rxf1
Rxf1+ 35.Kg2 Rf2+ 36.Kh3 Qb2 37.Qh1 Qf6 38.Qe4 Rd2 39.Rc1 Rd4 40.Qe2 Qf5+ 
41.Kg2 Rxd6 42.exd7 Qxd7 43.Qe8+ Qxe8 44.Nxe8 Rc6 45.Rb1 b6 46.Nxg7 Rc2+ 
47.Kh3 Kxg7 48.a4 Ra2 49.Rb4 Kf6 50.Rh4 Kg5 51.Rf4 a5 52.Rd4 Rb2 53.Rd5+ 
Kg6 54.Rd6+ Kg5 55.Rd5+ Kg6 56.Rd6+ Kg7 57.Rd7+ Kg8 58.Rd8+ Kf7 59.Rd7+ 
Kg8 60.Rd8+ Kg7 61.Rd7+ 1/2-1/2

[Event "9th OHRA Open"]
[Site "Amsterdam NED"]
[Date "1990.08.02"]
[Round "4"]
[White "Dam, Ruurd"]
[Black "Van Wely, Loek"]
[Result "0-1"]
[WhiteElo "2270"]
[BlackElo "2400"]
[EventDate "1990.07.30"]
[PlyCount "102"]

1.e4 c5 2.Nf3 d6 3.d4 cxd4 4.Nxd4 Nf6 5.Nc3 a6 6.Bg5 e6 7.f4 b5 8.e5 dxe5 
9.fxe5 Qc7 10.exf6 Qe5+ 11.Be2 Qxg5 12.Qd3 Ra7 13.Ne4 Qe5 14.O-O-O Rd7 15.
Qc3 Qc7 16.Nxb5 axb5 17.fxg7 Qxc3 18.gxf8=Q+ Kxf8 19.Nxc3 b4 20.Ne4 Ke7 
21.Bf3 Ra7 22.Kb1 Bb7 23.Nc5 Bxf3 24.gxf3 Nc6 25.Nb3 Rha8 26.Nc1 Ra5 27.
Rhg1 Rh5 28.Rd2 Rd8 29.Nd3 Ne5 30.Rg3 Rf5 31.Rf2 Nxd3 32.cxd3 Rxd3 33.Kc2 
Rd4 34.Re2 Rdf4 35.Kb3 h5 36.Re4 h4 37.Rxf4 Rxf4 38.Rg4 Rxf3+ 39.Kxb4 Rf2 
40.Rxh4 Rxb2+ 41.Ka3 Rb8 42.Rb4 Rd8 43.h4 f5 44.Kb3 e5 45.Kc3 f4 46.Rb2 
Ke6 47.Rd2 Rh8 48.Rh2 Kf5 49.Kd3 e4+ 50.Ke2 Rb8 51.Kf1 e3 0-1

[Event "9th OHRA Open"]
[Site "Amsterdam NED"]
[Date "1990.08.02"]
[Round "4"]
[White "Piket, Marcel"]
[Black "Kuijf, Marinus"]
[Result "0-1"]
[WhiteElo "2350"]
[BlackElo "2445"]
[EventDate "1990.07.30"]
[PlyCount "68"]

1.d4 d5 2.c4 c6 3.Nf3 Nf6 4.Nc3 e6 5.Bg5 dxc4 6.e4 b5 7.e5 h6 8.Bh4 g5 9.
exf6 gxh4 10.Ne5 Qxf6 11.Qe2 Bg7 12.g3 O-O 13.Bg2 h3 14.Bf3 Qe7 15.O-O Bb7
16.Rfe1 Nd7 17.Nxc6 Bxc6 18.Bxc6 Rab8 19.Bxb5 Nb6 20.Bc6 Qd6 21.Bh1 Qxd4 
22.Rad1 Qc5 23.Qg4 Rbd8 24.Ne4 Qe7 25.Qxh3 Qb4 26.Rb1 Qa5 27.a3 Rd4 28.Bg2
Na4 29.Bf1 Nxb2 30.Qg4 Kh8 31.Qf3 Nd3 32.Red1 f5 33.Nd2 Ne5 34.Qe3 Rxd2 
0-1

[Event "9th OHRA Open"]
[Site "Amsterdam NED"]
[Date "1990.08.04"]
[Round "5"]
[White "Polgar, Zsuzsa"]
[Black "Dorfman, Iosif"]
[Result "1/2-1/2"]
[WhiteElo "2510"]
[BlackElo "2580"]
[EventDate "1990.07.30"]
[PlyCount "90"]

1.d4 Nf6 2.c4 e6 3.Nf3 b6 4.e3 Bb7 5.Bd3 d5 6.O-O Nbd7 7.Nc3 Be7 8.Qe2 O-O
9.e4 dxe4 10.Nxe4 c5 11.dxc5 Nxe4 12.Bxe4 Bxe4 13.Qxe4 Nxc5 14.Qe2 Qd3 15.
Re1 Rfd8 16.Be3 Bf6 17.Bg5 Bxg5 18.Nxg5 Qg6 19.Nf3 Nd3 20.Ne5 Nxe5 21.Qxe5
Qc2 22.Rac1 Qa4 23.Qc3 Rac8 24.a3 Rc7 25.Qc2 Qxc2 26.Rxc2 Rd4 27.Rec1 b5 
28.c5 b4 29.Rc4 Rxc4 30.Rxc4 bxa3 31.bxa3 Kf8 32.Kf1 Ke7 33.Ra4 Kd7 34.Ra6
Kc8 35.c6 Kd8 36.Ke2 Ke7 37.Kd3 Kd6 38.Kd4 g5 39.g4 f6 40.a4 Rxc6 41.Rxa7 
Rc2 42.Ra6+ Kd7 43.Ra7+ Kd6 44.Ra6+ Kd7 45.Ra7+ Kd6 1/2-1/2

[Event "9th OHRA Open"]
[Site "Amsterdam NED"]
[Date "1990.08.04"]
[Round "5"]
[White "Kuijf, Marinus"]
[Black "Psakhis, Lev"]
[Result "1-0"]
[WhiteElo "2445"]
[BlackElo "2575"]
[EventDate "1990.07.30"]
[PlyCount "103"]

1.e4 c5 2.Ne2 e6 3.Nbc3 d6 4.d4 cxd4 5.Nxd4 a6 6.f4 Nf6 7.Bd3 b5 8.e5 dxe5
9.fxe5 Nd5 10.Ne4 Nb4 11.c3 Nxd3+ 12.Qxd3 Qd5 13.O-O Nc6 14.Bf4 Nxe5 15.
Bxe5 Qxe5 16.Qf3 Qc7 17.Ng5 Ra7 18.Qh5 g6 19.Qe2 Qb8 20.Kh1 h6 21.Ne4 f5 
22.Nc6 Qc7 23.Nxa7 Qxa7 24.Nf6+ Ke7 25.Nd5+ Kf7 26.Nf4 Bd6 27.Rae1 Re8 28.
Rd1 Qc7 29.Qd2 Be5 30.Qe3 g5 31.Nd3 Bd6 32.Rfe1 e5 33.Nb4 e4 34.Nd5 Qc6 
35.Qa7+ Kg6 36.Nb4 Qc5 37.Qxc5 Bxc5 38.Rd5 Bf8 39.Red1 e3 40.Nc2 Be6 41.
Rd8 e2 42.R1d2 Rxd8 43.Rxd8 Bc5 44.Rd2 Bxa2 45.Rxe2 Bc4 46.Re5 Bd6 47.Re8 
a5 48.Ra8 b4 49.Rc8 bxc3 50.Rc6 cxb2 51.Rxd6+ Kf7 52.Rb6 1-0

[Event "9th OHRA Open"]
[Site "Amsterdam NED"]
[Date "1990.08.04"]
[Round "5"]
[White "Visser, Yge"]
[Black "Piket, Jeroen"]
[Result "1/2-1/2"]
[WhiteElo "2340"]
[BlackElo "2495"]
[EventDate "1990.07.30"]
[PlyCount "170"]

1.Nf3 g6 2.g3 Bg7 3.Bg2 e5 4.d3 Ne7 5.c4 O-O 6.Nc3 Nbc6 7.Rb1 a5 8.Bd2 d6 
9.Qc1 Nf5 10.Nd5 Re8 11.Ng5 h6 12.Ne4 Ncd4 13.e3 Ne6 14.O-O c6 15.Ndc3 Kh8
16.Ne2 d5 17.cxd5 cxd5 18.Nc5 Qd6 19.Nxe6 Bxe6 20.d4 exd4 21.exd4 Bd7 22.
Nc3 Bc6 23.Bf4 Qd8 24.Qd2 b5 25.a4 bxa4 26.Rfe1 Rxe1+ 27.Rxe1 g5 28.Qd3 
gxf4 29.Qxf5 fxg3 30.hxg3 Qf6 31.Qxf6 Bxf6 32.Nxd5 Bxd4 33.Nc7 Rc8 34.Bxc6
Rxc7 35.Bxa4 Bxb2 36.Re2 Rb7 37.Re4 Bc3 38.Rc4 Bb4 39.Kg2 Kg7 40.Kf3 Re7 
41.Rg4+ Kf8 42.Re4 Rc7 43.Ke2 Rc1 44.g4 Ra1 45.Bb3 Rb1 46.Bc2 Rc1 47.Bb3 
Bd6 48.Re3 Kg7 49.Rd3 Rc6 50.Rd5 Rb6 51.Bc2 Bc7 52.f3 Re6+ 53.Kd2 Ra6 54.
Rd4 Be5 55.Rc4 Rd6+ 56.Ke3 Bb2 57.Bd3 Re6+ 58.Re4 Bc1+ 59.Ke2 Rb6 60.Rc4 
Bg5 61.Bc2 Re6+ 62.Re4 Rd6 63.Bd3 Bf6 64.Ra4 Bc3 65.Rc4 Bb4 66.Rf4 Re6+ 
67.Re4 Rb6 68.Bc2 Rc6 69.Bb3 Rc3 70.Re3 Rc1 71.Re4 Rb1 72.Bc2 Ra1 73.Bb3 
Rb1 74.Bc2 Rg1 75.Bb3 Rg2+ 76.Ke3 Rb2 77.Ba4 Ra2 78.Bc6 Rc2 79.Ba4 Rc3+ 
80.Ke2 Bc5 81.Bb5 Rc2+ 82.Kd3 Rf2 83.Rf4 Bd6 84.Rf5 f6 85.Ke3 Rc2 1/2-1/2

[Event "9th OHRA Open"]
[Site "Amsterdam NED"]
[Date "1990.08.04"]
[Round "5"]
[White "Bertholee, Rob"]
[Black "Dam, Ruurd"]
[Result "1-0"]
[WhiteElo "2360"]
[BlackElo "2270"]
[EventDate "1990.07.30"]
[PlyCount "127"]

1.c4 Nf6 2.Nc3 g6 3.e4 d6 4.d4 Bg7 5.Nf3 O-O 6.Be2 e5 7.O-O Na6 8.Qc2 Nb4 
9.Qd1 Na6 10.Be3 Ng4 11.Bg5 Qe8 12.h3 h6 13.Bh4 Nf6 14.d5 Nh5 15.Rb1 Nf4 
16.b4 f5 17.Nd2 g5 18.Bg3 Qg6 19.f3 h5 20.exf5 Bxf5 21.Nce4 g4 22.hxg4 
hxg4 23.Rb3 Rf7 24.Qe1 Bf8 25.Bd1 Be7 26.b5 Nc5 27.Nxc5 dxc5 28.Bxf4 exf4 
29.fxg4 Bxg4 30.Bxg4 Qxg4 31.Qe6 Qxe6 32.dxe6 Rf5 33.Rbf3 Bd6 34.Ne4 Be5 
35.g3 Re8 36.gxf4 Bd4+ 37.Kg2 Rxe6 38.Ng3 Rf7 39.f5 Re3 40.Rxe3 Bxe3 41.
Re1 Bf4 42.Re8+ Kh7 43.Kf3 Bxg3 44.Kxg3 Rxf5 45.Re7+ Kg6 46.Rxc7 Rf7 47.
Rxc5 Kf6 48.Kf4 Ke6+ 49.Ke4 Kd6 50.Rd5+ Kc7 51.Rf5 Rh7 52.a4 b6 53.a5 Kb7 
54.a6+ Kc7 55.Kd5 Rd7+ 56.Ke6 Rd4 57.Rf7+ Kb8 58.Rf8+ Kc7 59.Ra8 Rxc4 60.
Rxa7+ Kc8 61.Kd6 Kb8 62.Rb7+ Ka8 63.Rxb6 Rh4 64.Rc6 1-0

[Event "9th OHRA Open"]
[Site "Amsterdam NED"]
[Date "1990.08.04"]
[Round "5"]
[White "Martens, Martin"]
[Black "Van Riemsdijk, Herman Claudius"]
[Result "0-1"]
[WhiteElo "2325"]
[BlackElo "2440"]
[EventDate "1990.07.30"]
[PlyCount "152"]

1.e4 e5 2.Nf3 Nc6 3.Bb5 a6 4.Ba4 Nf6 5.O-O Be7 6.Re1 b5 7.Bb3 d6 8.c3 O-O 
9.h3 Na5 10.Bc2 c5 11.d4 Qc7 12.Nbd2 cxd4 13.cxd4 Bd7 14.Nf1 Rac8 15.Ne3 
Nc6 16.d5 Nb4 17.Bb1 a5 18.a3 Na6 19.b4 g6 20.Bd2 Nh5 21.Kh2 Nf4 22.Ng1 
Qa7 23.Ra2 f5 24.Nf3 fxe4 25.Bxe4 Nc7 26.bxa5 Na6 27.Bb4 Nc5 28.Bb1 Bd8 
29.Rf1 Bxa5 30.Ng5 Bxb4 31.axb4 Na4 32.Ne4 Qb6 33.Rc2 Kg7 34.Qd2 Rxc2 35.
Bxc2 Rc8 36.g3 Nxh3 37.Kg2 Qd4 38.Rd1 Qxd2 39.Rxd2 Nc3 40.Nxd6 Rf8 41.Ne4 
Nxe4 42.Bxe4 Ng5 43.Bd3 Kf6 44.Ra2 e4 45.Be2 Ke5 46.g4 h5 47.gxh5 Nh3 48.
Bg4 Nf4+ 49.Kg3 Nxh5+ 50.Bxh5 gxh5 51.Ra7 Rf3+ 52.Kg2 Rf7 53.Kg3 h4+ 54.
Kxh4 Kf4 55.Ng2+ Kf3 56.Ne3 Rg7 57.Ra2 Kf4 58.Kh5 Bf5 59.Nxf5 Kxf5 60.Kh4 
Kf4 61.Kh3 Kf3 62.Kh4 Rd7 63.Rd2 Rd6 64.Kg5 e3 65.fxe3 Kxe3 66.Rd1 Ke4 67.
Rb1 Rxd5+ 68.Kf6 Rd2 69.Ke6 Kd3 70.Rc1 Rc2 71.Rb1 Rd2 72.Rc1 Rb2 73.Kd5 
Rxb4 74.Rh1 Rg4 75.Kc5 b4 76.Kb5 b3 0-1

[Event "9th OHRA Open"]
[Site "Amsterdam NED"]
[Date "1990.08.05"]
[Round "6"]
[White "Tukmakov, Vladimir"]
[Black "Stohl, Igor"]
[Result "1-0"]
[WhiteElo "2520"]
[BlackElo "2525"]
[EventDate "1990.07.30"]
[PlyCount "123"]

1.d4 Nf6 2.c4 g6 3.Nc3 d5 4.Nf3 Bg7 5.Qb3 dxc4 6.Qxc4 O-O 7.e4 Na6 8.e5 
Nd7 9.e6 fxe6 10.Be3 Nb6 11.Qb3 Nd5 12.Bxa6 Nxc3 13.bxc3 bxa6 14.O-O Bd7 
15.Ne5 Bxe5 16.dxe5 Qc8 17.Bc5 Rf7 18.Rab1 Bc6 19.Rfd1 Bd5 20.c4 Bc6 21.
Qa3 Qe8 22.f3 Rf5 23.Re1 g5 24.Bxe7 g4 25.fxg4 Rf4 26.h3 Rxc4 27.Rbc1 Ra4 
28.Qe3 Bd5 29.Rxc7 Rxa2 30.Re2 Rxe2 31.Qxe2 Rc8 32.Rxa7 Ra8 33.Qxa6 Rxa7 
34.Qxa7 Qa8 35.Qc7 Bxg2 36.Bf6 Qb7 37.Qd8+ Kf7 38.Qh8 Be4 39.Qg7+ Ke8 40.
Qg8+ Kd7 41.Qf7+ Kc6 42.Qxe6+ Kb5 43.Qb3+ Kc5 44.Qa3+ Kc4 45.Kh2 Qb1 46.
Qa6+ Qb5 47.Qa7 Qb7 48.Qe3 Qb2+ 49.Kg3 Qc3 50.Qxc3+ Kxc3 51.Kf4 Kd4 52.e6+
Kd5 53.e7 Bg6 54.Bc3 Ke6 55.Bb4 Kf7 56.h4 Bc2 57.Kg5 Bd3 58.h5 Be2 59.Kh4 
Bd1 60.g5 Be2 61.g6+ hxg6 62.h6 1-0

[Event "9th OHRA Open"]
[Site "Amsterdam NED"]
[Date "1990.08.05"]
[Round "6"]
[White "Brenninkmeijer, Joris"]
[Black "Hansen, Curt"]
[Result "1-0"]
[WhiteElo "2510"]
[BlackElo "2560"]
[EventDate "1990.07.30"]
[PlyCount "85"]

1.d4 f5 2.g3 Nf6 3.Bg2 e6 4.c4 Be7 5.Nf3 O-O 6.O-O Ne4 7.d5 Na6 8.Nd4 Bf6 
9.Nc3 Nxc3 10.bxc3 Qe7 11.Rb1 c6 12.Qa4 Nc5 13.Qc2 g6 14.Ba3 exd5 15.cxd5 
Be5 16.Nb3 Bd6 17.Nxc5 Bxc5 18.Bb2 b6 19.c4 h5 20.e4 f4 21.e5 Kh7 22.Be4 
Qg5 23.Kh1 fxg3 24.hxg3 Bb7 25.Kg2 cxd5 26.cxd5 h4 27.Qd3 Qg4 28.f4 Ba6 
29.Qf3 Bxf1+ 30.Rxf1 Qxf3+ 31.Kxf3 Rac8 32.Rh1 Be7 33.gxh4 Kh6 34.d6 Bd8 
35.Rg1 Rg8 36.h5 g5 37.f5 Rc4 38.f6 g4+ 39.Ke3 b5 40.Kd3 g3 41.Bd5 Rgg4 
42.f7 Rcf4 43.Bc1 1-0

[Event "9th OHRA Open"]
[Site "Amsterdam NED"]
[Date "1990.08.05"]
[Round "6"]
[White "Fedorowicz, John"]
[Black "Polgar, Zsuzsa"]
[Result "1-0"]
[WhiteElo "2565"]
[BlackElo "2510"]
[EventDate "1990.07.30"]
[PlyCount "65"]

1.e4 c5 2.Nf3 Nc6 3.d4 cxd4 4.Nxd4 g6 5.c4 Nf6 6.Nc3 d6 7.Be2 Nxd4 8.Qxd4 
Bg7 9.O-O O-O 10.Qd3 Be6 11.Bd2 a6 12.b3 Nd7 13.Rac1 Qb6 14.Kh1 Qd4 15.Qc2
Rfc8 16.f4 f5 17.exf5 Bxf5 18.Qd1 Nf6 19.Bf3 Rab8 20.Qe1 Bg4 21.Bxg4 Nxg4 
22.Nd5 Kh8 23.Bc3 Qd3 24.Bxg7+ Kxg7 25.h3 Nh6 26.Qxe7+ Nf7 27.Qf6+ Kf8 28.
f5 g5 29.Rfe1 Re8 30.Nc7 Re5 31.Rxe5 dxe5 32.Ne6+ Ke8 33.Nxg5 1-0

[Event "9th OHRA Open"]
[Site "Amsterdam NED"]
[Date "1990.08.05"]
[Round "6"]
[White "Hellers, Ferdinand"]
[Black "Visser, Yge"]
[Result "1/2-1/2"]
[WhiteElo "2520"]
[BlackElo "2340"]
[EventDate "1990.07.30"]
[PlyCount "53"]

1.e4 e6 2.d4 d5 3.Nc3 Nf6 4.Bg5 Be7 5.e5 Nfd7 6.Bxe7 Qxe7 7.f4 a6 8.Nf3 c5
9.dxc5 Nc6 10.Qd2 Qxc5 11.O-O-O Nb6 12.Nd4 Nxd4 13.Qxd4 Qxd4 14.Rxd4 h5 
15.h4 Nd7 16.Rh3 g6 17.a4 Nb8 18.Rb4 Nc6 19.Rb3 Kd8 20.Nd1 Kc7 21.Nf2 Bd7 
22.Rhc3 Rhb8 23.a5 Kd8 24.Rc5 Nd4 25.Rbc3 Rc8 26.Bd3 Bb5 27.Kd2 1/2-1/2

[Event "9th OHRA Open"]
[Site "Amsterdam NED"]
[Date "1990.08.05"]
[Round "6"]
[White "Piket, Jeroen"]
[Black "Nijboer, Friso"]
[Result "1-0"]
[WhiteElo "2495"]
[BlackElo "2485"]
[EventDate "1990.07.30"]
[PlyCount "121"]

1.d4 Nf6 2.Nf3 g6 3.c4 Bg7 4.g3 O-O 5.Bg2 d6 6.O-O Nc6 7.d5 Na5 8.Nbd2 c5 
9.Ne1 a6 10.Rb1 Bf5 11.e4 Bg4 12.f3 Bd7 13.Nd3 b5 14.b3 Rb8 15.Bb2 e5 16.
Bc3 Nh5 17.f4 exf4 18.Bxg7 Kxg7 19.gxf4 bxc4 20.bxc4 Rxb1 21.Qxb1 Qf6 22.
Qa1 Qxa1 23.Rxa1 Rb8 24.Rc1 f6 25.Rc3 Rb6 26.Bf3 Nb7 27.Bxh5 gxh5 28.Kf2 
a5 29.Ke3 a4 30.h4 Bg4 31.Ra3 Bd1 32.e5 fxe5 33.fxe5 dxe5 34.Ne4 Bc2 35.
Ndxc5 Nxc5 36.Nxc5 Rg6 37.Rc3 Bf5 38.Ne4 Rg4 39.Nd6 Rg3+ 40.Kd2 Rg2+ 41.
Kc1 Bg4 42.c5 Rg1+ 43.Kb2 Rd1 44.Ka3 Rxd5 45.Kxa4 Rd2 46.a3 Rh2 47.c6 Rxh4
48.Kb5 Rh1 49.Rg3 Rc1 50.c7 Rxc7 51.Ne8+ Kg6 52.Nxc7 Kf5 53.Nd5 Be2+ 54.
Kc5 h4 55.Ne3+ Ke4 56.Rh3 h5 57.a4 Bf3 58.Nf1 Kf4 59.Rxh4+ Kg5 60.Rh2 h4 
61.Kd6 1-0

[Event "9th OHRA Open"]
[Site "Amsterdam NED"]
[Date "1990.08.05"]
[Round "6"]
[White "Dorfman, Iosif"]
[Black "Kuijf, Marinus"]
[Result "1/2-1/2"]
[WhiteElo "2580"]
[BlackElo "2445"]
[EventDate "1990.07.30"]
[PlyCount "98"]

1.g3 d5 2.Bg2 c6 3.d3 Bg4 4.Nd2 Nd7 5.h3 Bh5 6.Ngf3 e6 7.e4 Bd6 8.Qe2 Ne7 
9.b3 Be5 10.Rb1 Bc3 11.O-O O-O 12.Qe3 b5 13.a3 a5 14.Nd4 e5 15.Qg5 Bg6 16.
Ne2 f6 17.Qh4 Bxd2 18.Bxd2 d4 19.f4 c5 20.g4 c4 21.f5 Bf7 22.g5 cxd3 23.
cxd3 Rc8 24.Rb2 Qb6 25.Kh1 Rc7 26.gxf6 Nxf6 27.Qg3 Nc6 28.Bf3 Kh8 29.Rg1 
Bg8 30.b4 a4 31.Rc2 Bb3 32.Rxc6 Qxc6 33.Qxe5 Re8 34.Qg3 Rd7 35.Rc1 Qb7 36.
Rc5 Rc8 37.Kh2 Rxc5 38.bxc5 Qc7 39.Bb4 Qc8 40.Qe5 Bd1 41.Ng1 Bb3 42.Ne2 
Bd1 43.Kg2 Bxe2 44.Bxe2 Qc7 45.Qe6 Rd8 46.c6 Qf4 47.Bf3 Qg5+ 48.Kh2 Qf4+ 
49.Kg2 Qg5+ 1/2-1/2

[Event "9th OHRA Open"]
[Site "Amsterdam NED"]
[Date "1990.08.05"]
[Round "6"]
[White "Psakhis, Lev"]
[Black "Bertholee, Rob"]
[Result "1/2-1/2"]
[WhiteElo "2575"]
[BlackElo "2360"]
[EventDate "1990.07.30"]
[PlyCount "69"]

1.e4 e6 2.d4 d5 3.Nd2 dxe4 4.Nxe4 Be7 5.Nf3 Nf6 6.Bd3 Nxe4 7.Bxe4 Nd7 8.c3
c5 9.O-O O-O 10.Bc2 Qc7 11.Re1 Rd8 12.Qd3 Nf8 13.Qe4 Bd7 14.Ne5 cxd4 15.
Qxd4 Be8 16.Qc4 Qxc4 17.Nxc4 Rac8 18.Na5 b6 19.Nb3 Ba4 20.Be3 f6 21.Rad1 
Kf7 22.f4 Rxd1 23.Rxd1 Rd8 24.Rxd8 Bxd8 25.Kf2 Bc7 26.g3 Nd7 27.Be4 e5 28.
Bd5+ Ke7 29.f5 Bd6 30.Nd2 Bc2 31.Be4 Bxe4 32.Nxe4 Bc5 33.b4 Bxe3+ 34.Kxe3 
b5 35.Kd3 1/2-1/2

[Event "9th OHRA Open"]
[Site "Amsterdam NED"]
[Date "1990.08.05"]
[Round "6"]
[White "Van Wely, Loek"]
[Black "Piket, Marcel"]
[Result "1-0"]
[WhiteElo "2400"]
[BlackElo "2350"]
[EventDate "1990.07.30"]
[PlyCount "83"]

1.d4 Nf6 2.c4 g6 3.Nc3 Bg7 4.e4 d6 5.Nf3 O-O 6.Be2 e5 7.O-O Na6 8.Be3 Ng4 
9.Bg5 Qe8 10.h3 h6 11.Bc1 Nf6 12.dxe5 dxe5 13.Be3 Nd7 14.a3 c6 15.b4 f5 
16.c5 f4 17.Bc1 g5 18.Nd2 Nc7 19.Nc4 Nf6 20.Bb2 Be6 21.Nxe5 Bxh3 22.Nc4 
Be6 23.e5 Nfd5 24.Ne4 Qd7 25.Ned6 g4 26.Bd3 Ne7 27.Re1 Ncd5 28.Bc2 Qd8 29.
Na5 Nf5 30.Nxf5 Bxf5 31.Bxf5 Rxf5 32.Qxg4 Qf8 33.Nxb7 Re8 34.Nd6 Rg5 35.
Qd7 Rd8 36.Qe6+ Kh8 37.Nf7+ Kh7 38.Nxg5+ hxg5 39.Rad1 Qe8 40.Qxe8 Rxe8 41.
b5 Ne7 42.b6 1-0

[Event "9th OHRA Open"]
[Site "Amsterdam NED"]
[Date "1990.08.05"]
[Round "6"]
[White "Martens, Martin"]
[Black "Dam, Ruurd"]
[Result "1/2-1/2"]
[WhiteElo "2325"]
[BlackElo "2270"]
[EventDate "1990.07.30"]
[PlyCount "45"]

1.e4 c5 2.Nf3 d6 3.d4 cxd4 4.Nxd4 Nf6 5.Nc3 a6 6.Bc4 e6 7.Bb3 Nbd7 8.f4 
Nc5 9.Qf3 Be7 10.f5 O-O 11.O-O e5 12.Nde2 Nxb3 13.axb3 b5 14.Bg5 Bb7 15.
Bxf6 Bxf6 16.b4 Rc8 17.Rfd1 Qc7 18.Qg4 Qb6+ 19.Kh1 Rc4 20.b3 Rc7 21.Rd3 
Rfc8 22.Rad1 Qf2 23.Rf3 1/2-1/2

[Event "9th OHRA Open"]
[Site "Amsterdam NED"]
[Date "1990.08.06"]
[Round "7"]
[White "Brenninkmeijer, Joris"]
[Black "Tukmakov, Vladimir"]
[Result "1-0"]
[WhiteElo "2510"]
[BlackElo "2520"]
[EventDate "1990.07.30"]
[PlyCount "78"]

1.d4 d5 2.c4 c6 3.Nc3 Nf6 4.e3 g6 5.Nf3 Bg7 6.Bd3 O-O 7.O-O e6 8.b3 Nbd7 
9.Bb2 b6 10.Qe2 Bb7 11.Rfd1 Qb8 12.Rac1 Re8 13.Ne5 Nxe5 14.dxe5 Nd7 15.f4 
Nc5 16.cxd5 exd5 17.Bb1 a5 18.Qf2 Qc7 19.h4 Rad8 20.h5 Bc8 21.Qg3 Qd7 22.
hxg6 hxg6 23.Ne2 Qg4 24.Qf3 Qh4 25.Qf2 Qxf2+ 26.Kxf2 Bb7 27.Ng3 Rd7 28.Bd4
a4 29.Bxc5 bxc5 30.Ne4 axb3 31.axb3 Ba6 32.Nxc5 Ra7 33.Bd3 Bxd3 34.Nxd3 
Ra3 35.b4 Ra6 36.Rc2 Bf8 37.Rdc1 Rb8 38.Rxc6 Rxc6 39.Rxc6 Bxb4 1-0

[Event "9th OHRA Open"]
[Site "Amsterdam NED"]
[Date "1990.08.06"]
[Round "7"]
[White "Hansen, Curt"]
[Black "Piket, Jeroen"]
[Result "1/2-1/2"]
[WhiteElo "2560"]
[BlackElo "2495"]
[EventDate "1990.07.30"]
[PlyCount "42"]

1.c4 e5 2.Nc3 Nc6 3.e3 Nf6 4.Nf3 Be7 5.a3 O-O 6.b4 d6 7.Qc2 Re8 8.Bb2 Bg4 
9.Be2 Qd7 10.O-O a6 11.Rac1 Bd8 12.Rfd1 e4 13.Ne1 Ne5 14.Bxg4 Qxg4 15.h3 
Qh4 16.Nd5 Nh5 17.d3 c6 18.Nf4 Nxf4 19.exf4 Nxd3 20.Nxd3 exd3 21.Qxd3 Qxf4
1/2-1/2

[Event "9th OHRA Open"]
[Site "Amsterdam NED"]
[Date "1990.08.06"]
[Round "7"]
[White "Stohl, Igor"]
[Black "Hellers, Ferdinand"]
[Result "1/2-1/2"]
[WhiteElo "2525"]
[BlackElo "2520"]
[EventDate "1990.07.30"]
[PlyCount "66"]

1.c4 Nf6 2.Nc3 g6 3.g3 Bg7 4.Bg2 O-O 5.d4 d6 6.Nf3 Nc6 7.O-O Bf5 8.d5 Na5 
9.Nd2 Ne8 10.e4 Bd7 11.Rb1 c6 12.dxc6 Nxc6 13.Nd5 e6 14.Ne3 Nb4 15.Qb3 a5 
16.Rd1 Bc6 17.a3 Na6 18.Qc2 a4 19.Ndf1 Nc5 20.Bd2 Bd4 21.Bb4 e5 22.Nd5 Nc7
23.Nd2 Nxd5 24.cxd5 Bb5 25.Nf3 Nb3 26.Nxd4 Nxd4 27.Qd2 f5 28.f4 Ne2+ 29.
Kh1 exf4 30.gxf4 Qh4 31.Bxd6 Ng3+ 32.Kg1 Ne2+ 33.Kh1 Ng3+ 1/2-1/2

[Event "9th OHRA Open"]
[Site "Amsterdam NED"]
[Date "1990.08.06"]
[Round "7"]
[White "Visser, Yge"]
[Black "Serper, Grigory"]
[Result "1/2-1/2"]
[WhiteElo "2340"]
[BlackElo "2485"]
[EventDate "1990.07.30"]
[PlyCount "29"]

1.e4 c5 2.Nf3 d6 3.Be2 Nf6 4.c3 g6 5.O-O Bg7 6.Re1 O-O 7.Bf1 Bg4 8.h3 Bxf3
9.Qxf3 Nc6 10.Qd1 Nd7 11.Na3 Rb8 12.Nc2 Qb6 13.d3 Rfc8 14.g3 Qd8 15.Be3 
1/2-1/2

[Event "9th OHRA Open"]
[Site "Amsterdam NED"]
[Date "1990.08.06"]
[Round "7"]
[White "Bertholee, Rob"]
[Black "Van Riemsdijk, Herman Claudius"]
[Result "0-1"]
[WhiteElo "2360"]
[BlackElo "2440"]
[EventDate "1990.07.30"]
[PlyCount "104"]

1.Nf3 d5 2.c4 e6 3.g3 Nf6 4.Bg2 dxc4 5.O-O c6 6.a4 Qd5 7.a5 Na6 8.Nc3 Qh5 
9.Qa4 Bb4 10.Na2 Bxa5 11.Qxc4 O-O 12.d4 Nc7 13.Nc3 Bb6 14.e4 Rd8 15.h3 h6 
16.Be3 Nd7 17.Nh4 f6 18.f4 Qf7 19.Rae1 Nf8 20.Kh2 Bd7 21.g4 Be8 22.Nf3 Nb5
23.Ne2 e5 24.Qxf7+ Bxf7 25.fxe5 fxe5 26.Nxe5 Be6 27.Rd1 Bc7 28.Bf4 Bb3 29.
Rd2 Ne6 30.Bg3 Nbxd4 31.Nc1 Ba4 32.Rdf2 Bb5 33.Rd1 c5 34.Rdd2 Re8 35.Ng6 
Bxg3+ 36.Kxg3 Kh7 37.Nh4 Ng5 38.Nf5 Bc6 39.Nxd4 cxd4 40.Rxd4 Nxe4+ 41.
Bxe4+ Rxe4 42.Rdd2 Re3+ 43.Kh2 Re1 44.Ne2 Rh1+ 45.Kg3 Re8 46.Nd4 Re3+ 47.
Kf4 Rhxh3 48.Nxc6 bxc6 49.Rd7 Re6 50.g5 hxg5+ 51.Kg4 Rh4+ 52.Kxg5 Reh6 0-1

[Event "9th OHRA Open"]
[Site "Amsterdam NED"]
[Date "1990.08.06"]
[Round "7"]
[White "Dam, Ruurd"]
[Black "Nijboer, Friso"]
[Result "1/2-1/2"]
[WhiteElo "2270"]
[BlackElo "2485"]
[EventDate "1990.07.30"]
[PlyCount "125"]

1.e4 g6 2.d4 Bg7 3.Nc3 d6 4.f4 Nc6 5.Be3 Nf6 6.Nf3 O-O 7.Be2 e6 8.O-O Ne7 
9.Nd2 b6 10.Bf3 c5 11.Nb3 cxd4 12.Nxd4 Bb7 13.Qd2 a6 14.a4 Qc7 15.Rfd1 
Rfd8 16.Qf2 Nd7 17.f5 exf5 18.exf5 Bxf3 19.fxg6 hxg6 20.Nxf3 Bxc3 21.bxc3 
Nf5 22.Bd4 Nc5 23.Re1 Re8 24.Ng5 d5 25.Qf3 Nxd4 26.cxd4 Ne4 27.Nxe4 dxe4 
28.Rxe4 Qxc2 29.Rh4 Qd2 30.Rf1 Qe3+ 31.Qxe3 Rxe3 32.Rd1 Rd8 33.d5 Rd6 34.
Rc4 Re5 35.Rb4 Kf8 36.Rdb1 Rdxd5 37.Rxb6 Rd4 38.R6b4 Ree4 39.Rxd4 Rxd4 40.
Kf2 Rxa4 41.Rb7 a5 42.Ra7 Ra3 43.h4 Ra1 44.g4 a4 45.g5 a3 46.Kg2 Ke8 47.
Kh2 a2 48.Kg2 Kd8 49.Kh2 Kc8 50.Kg2 Kb8 51.Ra4 Kb7 52.Ra3 Kb6 53.Ra8 Kc5 
54.Ra4 Kd5 55.Kh2 Ke5 56.Ra7 Kd4 57.Kg2 Ke4 58.Re7+ Kd4 59.Rd7+ Kc5 60.Ra7
Kd6 61.Kh2 Kd5 62.Kg2 Ke6 63.Ra5 1/2-1/2

[Event "9th OHRA Open"]
[Site "Amsterdam NED"]
[Date "1990.08.06"]
[Round "7"]
[White "Piket, Marcel"]
[Black "Martens, Martin"]
[Result "1/2-1/2"]
[WhiteElo "2350"]
[BlackElo "2325"]
[EventDate "1990.07.30"]
[PlyCount "27"]

1.d4 e6 2.Nf3 c5 3.e3 Nf6 4.Bd3 cxd4 5.exd4 b6 6.O-O Bb7 7.Nbd2 Be7 8.c3 
O-O 9.Qe2 d6 10.Re1 Re8 11.Ng5 g6 12.Ndf3 Bf8 13.Ne4 h6 14.Nxf6+ 1/2-1/2

[Event "9th OHRA Open"]
[Site "Amsterdam NED"]
[Date "1990.08.07"]
[Round "8"]
[White "Dorfman, Iosif"]
[Black "Hellers, Ferdinand"]
[Result "0-1"]
[WhiteElo "2580"]
[BlackElo "2520"]
[EventDate "1990.07.30"]
[PlyCount "84"]

1.c4 e5 2.Nc3 Nc6 3.Nf3 Nf6 4.g3 d5 5.cxd5 Nxd5 6.Bg2 Nb6 7.O-O Be7 8.a3 
O-O 9.b4 Be6 10.Rb1 f6 11.d3 a6 12.Ne4 Ba2 13.Rb2 Bd5 14.Nc5 Rb8 15.e4 Bf7
16.Be3 Nd7 17.Nb3 a5 18.b5 a4 19.Nbd2 Bxa3 20.Rb1 Nd4 21.Bxd4 exd4 22.Qxa4
Bc5 23.Qc2 Qe7 24.Nb3 Qd6 25.Nfd2 Kh8 26.Nc4 Qe7 27.f4 Bb4 28.Nb2 Ra8 29.
Kh1 Bc3 30.Nd1 Nc5 31.Nc1 Ra3 32.Nxc3 Rxc3 33.Qd2 Ra8 34.Rf2 Raa3 35.Bf1 
Nxe4 36.dxe4 Qxe4+ 37.Kg1 Qxb1 38.Qxd4 Rxc1 39.Qd8+ Bg8 40.Kg2 Qe4+ 41.Kh3
Qf5+ 42.Kg2 Qd5+ 0-1

[Event "9th OHRA Open"]
[Site "Amsterdam NED"]
[Date "1990.08.07"]
[Round "8"]
[White "Van Riemsdijk, Herman Claudius"]
[Black "Visser, Yge"]
[Result "1/2-1/2"]
[WhiteElo "2440"]
[BlackElo "2340"]
[EventDate "1990.07.30"]
[PlyCount "22"]

1.e4 e6 2.d4 d5 3.Nc3 Bb4 4.e5 Qd7 5.Bd2 b6 6.Qg4 Bf8 7.Nf3 Ba6 8.Bxa6 
Nxa6 9.O-O Ne7 10.Nd1 c5 11.Ne3 Ng6 1/2-1/2

[Event "9th OHRA Open"]
[Site "Amsterdam NED"]
[Date "1990.08.07"]
[Round "8"]
[White "Nijboer, Friso"]
[Black "Martens, Martin"]
[Result "1-0"]
[WhiteElo "2485"]
[BlackElo "2325"]
[EventDate "1990.07.30"]
[PlyCount "111"]

1.e4 c5 2.Nf3 e6 3.d4 cxd4 4.Nxd4 Nf6 5.Nc3 d6 6.f4 Be7 7.Bd3 a6 8.a4 Qc7 
9.O-O b6 10.Nf3 Nbd7 11.Qe2 Bb7 12.e5 Nd5 13.Nxd5 Bxd5 14.Bxa6 O-O 15.Bb5 
Rfc8 16.b3 dxe5 17.Bxd7 Qxd7 18.Nxe5 Qc7 19.c4 Bb7 20.Bb2 Rd8 21.Kh1 Bf6 
22.Rad1 h6 23.h3 Rac8 24.Rxd8+ Rxd8 25.Rd1 Qe7 26.Rxd8+ Qxd8 27.Qd3 Qa8 
28.Qd2 Be4 29.Bd4 Bd8 30.Kg1 f6 31.Ng4 h5 32.Ne3 Bc7 33.Nd1 Qd8 34.Nc3 Bf5
35.Nb5 Bb8 36.Qe3 e5 37.fxe5 fxe5 38.Bxb6 Qd1+ 39.Kh2 Bc2 40.Bc7 Bxc7 41.
Nxc7 Bxb3 42.Qxe5 Bxa4 43.Ne6 Qd7 44.Nf4 Qe8 45.Qxh5 Qb8 46.Qd5+ Kh8 47.
Qd4 Bc6 48.c5 Qe8 49.h4 Qe1 50.Qd8+ Kh7 51.Qg5 Qe4 52.Nh5 Qd4 53.Qf5+ Kg8 
54.Nf4 Qf2 55.Qg5 Qd4 56.h5 1-0